| 000 | 00522nam a2200205Ia 4500 | ||
|---|---|---|---|
| 008 | 170918s9999 xx 000 0 und d | ||
| 020 | _a9780545384872 | ||
| 050 | _bO817fa 2011 | ||
| 100 | _aOsborne, Mary Pope | ||
| 245 | _aDog heroes / | ||
| 245 | _cby Mary Pope Osborne and Nathalie Popoe Osborne. | ||
| 260 | _aNew York : | ||
| 260 | _bScholastic, | ||
| 260 | _c2011 | ||
| 300 | _a119 pages : | ||
| 300 | _billustrations ; | ||
| 300 | _c19cm. | ||
| 300 | _eMagic tree house fact tracker ; | ||
| 440 | _a46 | ||
| 999 |
_c344347 _d344347 |
||